Catálogo
 En Linea

Introducction a la lecture de Hegel : (Registro nro. 34916)

Detalles MARC
000 -CABECERA
campo de control de longitud fija 00684nam a2200181 a 4500
001 - NÚMERO DE CONTROL
campo de control 000035425
005 - FECHA Y HORA DE LA ÚLTIMA TRANSACCIÓN
campo de control 20200930074331.0
008 - DATOS DE LONGITUD FIJA--INFORMACIÓN GENERAL
campo de control de longitud fija 111031s1947 ru 000 0 fre d
040 ## - FUENTE DE LA CATALOGACIÓN
Centro catalogador/agencia de origen DO-SdBNP
Lengua de catalogación spa
Centro/agencia transcriptor BNPHU
082 ## - NÚMERO DE LA CLASIFICACIÓN DECIMAL DEWEY
Número de clasificación xxxx
Número de documento/Ítem K79i
049 ## - FONDOS LOCALES (OCLC)
Fondos de biblioteca BNGR
100 1# - ENTRADA PRINCIPAL--NOMBRE DE PERSONA
Nombre de persona Kojève, Alexandre
9 (RLIN) 61259
245 10 - MENCIÓN DE TÍTULO
Título Introducction a la lecture de Hegel :
Resto del título leçons sur la phénoménologie de lʻesprit /
Mención de responsabilidad, etc. Alexandre Kojève.
260 ## - PUBLICACIÓN, DISTRIBUCIÓN, ETC.
Lugar de publicación, distribución, etc. Paris :
Nombre del editor, distribuidor, etc. Gallimard,
Fecha de publicación, distribución, etc. 1947.
300 ## - DESCRIPCIÓN FÍSICA
Extensión 595 p. ;
Dimensiones 22 cm.
500 ## - NOTA GENERAL
Nota general Professées de 1933 à 1939 lʻÈcole des Hautes-Ètudes réunies et publiées par Raymond Queneau.
504 ## - NOTA DE BIBLIOGRAFÍA, ETC.
Nota de bibliografía, etc. Incluye referencias bibliográficas y notas al pie de las páginas.
Existencias
Estado de retiro Estado de pérdida Restricciones de uso No para préstamo Código de colección Localización permanente Ubicación/localización actual Ubicación en estantería Fecha de adquisición Número de inventario Total de préstamos Signatura topográfica completa Código de barras Fecha visto por última vez Precio válido a partir de Tipo de ítem Koha Nota pública
      Excluido de préstamo Monografías: Libros y Folletos General General En catalogación 31.10.2011 LF1   xxxx K79i 35425-10 25.06.2020 25.06.2020 No se presta Perteneció a la biblioteca personal de Juan Isidro Jimenes Grullón

Con tecnología Koha